TENWEK HOSP HOME | SOC  | ASK A LIBRARIANSTAFF LOGIN  |  DIGITAL REPOSITORYe-BOOK PORTAL  |  OFF-CAMPUS PORTAL  |  DONATE

Mental health nursing : (Record no. 2802)

MARC details
000 -LEADER
fixed length control field 00876pam a2200277 i 4500
001 - CONTROL NUMBER
control field 1355221
003 - CONTROL NUMBER IDENTIFIER
control field Ke-BoTe
005 - DATE AND TIME OF LATEST TRANSACTION
control field 20220517160518.0
008 - FIXED-LENGTH DATA ELEMENTS--GENERAL INFORMATION
fixed length control field 801114s1981 mou b 001 0 eng
010 ## - LIBRARY OF CONGRESS CONTROL NUMBER
LC control number 80025234
020 ## - INTERNATIONAL STANDARD BOOK NUMBER
International Standard Book Number 0801637589
040 ## - CATALOGING SOURCE
Original cataloging agency DLC
Transcribing agency DLC
Modifying agency DLC
050 00 - LIBRARY OF CONGRESS CALL NUMBER
Classification number RC440
Item number .M353
060 ## - NATIONAL LIBRARY OF MEDICINE CALL NUMBER
Classification number WY 160 M548
082 00 - DEWEY DECIMAL CLASSIFICATION NUMBER
Classification number 610.73/68
Edition number 19
245 00 - TITLE STATEMENT
Title Mental health nursing :
Remainder of title a bio-psycho-cultural approach /
Statement of responsibility, etc. Elaine Anne Pasquali ... [et al.].
260 ## - PUBLICATION, DISTRIBUTION, ETC.
Place of publication, distribution, etc. St. Louis :
Name of publisher, distributor, etc. C. V. Mosby ;
Date of publication, distribution, etc. c1981.
300 ## - PHYSICAL DESCRIPTION
Extent xviii, 723 p . ;
Dimensions 25 cm .
504 ## - BIBLIOGRAPHY, ETC. NOTE
Bibliography, etc. note Includes bibliographies and index.
650 #0 - SUBJECT ADDED ENTRY--TOPICAL TERM
Topical term or geographic name entry element Psychiatric nursing.
9 (RLIN) 3902
650 #2 - SUBJECT ADDED ENTRY--TOPICAL TERM
Topical term or geographic name entry element Psychiatric nursing.
9 (RLIN) 3902
650 #2 - SUBJECT ADDED ENTRY--TOPICAL TERM
Topical term or geographic name entry element Mental health
General subdivision Nursing tests.
9 (RLIN) 5791
700 1# - ADDED ENTRY--PERSONAL NAME
Personal name Pasquali, Elaine Anne,
Dates associated with a name 1940-
9 (RLIN) 5792
906 ## - LOCAL DATA ELEMENT F, LDF (RLIN)
a 7
b cbc
c orignew
d u
e ocip
f 19
g y-gencatlg
942 ## - ADDED ENTRY ELEMENTS (KOHA)
Source of classification or shelving scheme Library of Congress Classification
Koha item type Books
Suppress in OPAC No
Holdings
Withdrawn status Lost status Source of classification or shelving scheme Damaged status Not for loan Collection code Home library Current library Shelving location Date acquired Total Checkouts Full call number Barcode Date last seen Price effective from Koha item type
    Library of Congress Classification     Non-fiction SCHOOL OF HEALTH SCIENCES SCHOOL OF HEALTH SCIENCES General Stacks 17.05.2022   RC440.M353 1981 00001308 17.05.2022 17.05.2022 Books